01653nam a22003017a 4500003000900000008004100009040007100050082002700121110007400148245010800222260003200330300005600362440007600418505054000494650002901034650002201063650001001085650002301095650001601118650004101134650001501175700001801190700001501208700002501223700001701248700003101265710005501296AR-CdUCM190425b ||||| |||| 00| 0 spa d aMUNICIPALIDAD PROVINCIAL DEL CUSCOcBIBLIOTECA MUNICIPAL DEL CUSCO aRev.DIMA/N°16-17/1957 aInstituto y Museo Arqueológico de la Universidad Nacional del Cuzco aRevista del Museo e Instituto Arqueológico /cLuis A. Pardo, director, Universidad Nacional del Cuzco aCusco :bH.G. Rozas,c1957. a114 páginas. :bilustraciones, 5 planos ;c21 cm. aRevista del Museo e Instituto Arqueológico.nAño X, 1957. N°16-17. aContenido: Los monumentos arqueológicos de Ppisacc. Luis A. Pardo. -- La arqueología del Cuzco como historia cultural. John H. Rowe. -- ¿No será Choquepalta el nombre primitivo de Machu Picchu?. Warren L. Cook. -- Geología de la ciudad incaica de Machupicchu. Carlos Kalafatovich V. -- Del notable terremoto que hubo en la ciudad del Cuzco el año de 1650. Manuel E. Cuadros E. -- El champi según los cronistas. Carlos A. Galimberti Miranda. -- Memorias antiguas historiales y políticas del Perú. Fernando de Montesinos aArqueología cusqueña aArquitectura Inka aInkas aHistoria del Cusco aMachupicchu aSantuario Histórico de Machupicchu aGeología aPardo, Luis A aRowe, John aKalafatovich, Carlos aWarren, Cook aGalimberti Miranda, Carlos aUniversidad Nacional de San Antonio Abad del Cusco